Avaliação de desempenho / (Record no. 962)

MARC details
000 -LÍDER
Campo Fixo de Controle 00714nam a2200241 a 4500
001 - NÚMERO DE CONTROLE
Campo de Controle 962
003 - IDENTIFICAÇÃO DO NÚMERO DE CONTROLE
Campo de Controle BR-CuiBMT
005 - DATA E HORA DA ÚLTIMA ATUALIZAÇÃO
Campo de Controle 20231123233738.0
008 - DADOS FIXOS
Dados Fixos 231123s1992 spba 000 0 por d
020 ## - INTERNATIONAL STANDARD BOOK NUMBER
Nº do ISBN 8522408831
040 ## - AGÊNCIA CATALOGADORA
Código da Agência Catalogadora BR-CuiBMT
Agência que transcreveu o registro BR-CuiBMT
080 ## - Nº DA CLASSIFICAÇÃO DECIMAL UNIVERSAL
Nº edição CDU 2007
Nº Class. CDU 658.31.084.3
090 ## - NÚMERO DE CHAMADA
Nº classificação 658.31.084.3
Cutter L935a
100 10 - ENTRADA PRINCIPAL -- AUTOR PESSOAL
Nome pessoal Lucena, Maria Diva da Salete
245 10 - TÍTULO PRINCIPAL
Título principal Avaliação de desempenho /
Indicação de responsabilidade Maria Diva da Salete Lucena.
260 ## - PUBLICAÇÃO, DISTRIBUIÇÃO, ETC.
Local de publicação São Paulo :
Editora Atlas,
Data c1992.
300 ## - DESCRIÇÃO FÍSICA
N. páginas ou volumes 159 p. :
Ilustrações il.
Dimensões 24 cm
504 ## - NOTA DE BIBLIOGRAFIA, ETC.
Nota de bibliografia inclui bibliografia.
650 ## - ASSUNTO TÓPICO
Cabeçalho tópico ou nome geográfico Avaliação de desempenho
Subdivisão geral modelo
650 ## - ASSUNTO TÓPICO
Cabeçalho tópico ou nome geográfico Pessoal administrativo
Subdivisão geral Avaliação
650 ## - ASSUNTO TÓPICO
Cabeçalho tópico ou nome geográfico administração de pessoal
942 ## - ELEMENTOS DE ENTRADA ADICIONAIS (KOHA)
Fonte de classificação ou esquema de arquivamento Classificação Decimal Universal
Tipo de item do Koha Livros
Holdings
Estado: removido Estado: perdido Fonte de classificação ou esquema de arquivamento Estado: danificado Indisponível para empréstimo Localização permanente Localização atual Data de aquisição Total Checkouts Número de Chamada completo Código de barras Date last seen Número do exemplar Preço efetivo a partir de Tipo de item (Koha) Nota pública
    Classificação Decimal Universal     Biblioteca da Escola Superior de Contas do TCE/MT Biblioteca da Escola Superior de Contas do TCE/MT 02/04/2013   658.31.084.3 L935a BIBTCEMT23111026 23/11/2023 Ex. 1 23/11/2023 Livros 2. reimpr. 1994

Powered by Koha